000 00305nam a2200109 4500
999 _c10231
_d10231
008 180809b ||||| |||| 00| 0 eng d
245 _a450 tons of Brazil meat raises alerts.
260 _aPhilippines
_bPhilippine Daily Inquirer
_cc2016
300 _apage A15.
650 0 _930204
_aFood.
942 _2ddc
_cPER